First Aid Manual/ (Record no. 3361)
[ view plain ]
| 000 -LEADER | |
|---|---|
| fixed length control field | 00649nam a22002177a 4500 |
| 005 - DATE AND TIME OF LATEST TRANSACTION | |
| control field | 20250201190342.0 |
| 008 - FIXED-LENGTH DATA ELEMENTS--GENERAL INFORMATION | |
| fixed length control field | 250201b |||||||| |||| 00| 0 eng d |
| 020 ## - INTERNATIONAL STANDARD BOOK NUMBER | |
| International Standard Book Number | 9780751303995 |
| 050 ## - LIBRARY OF CONGRESS CALL NUMBER | |
| Classification number | RC86.7 WEB |
| 100 ## - MAIN ENTRY--PERSONAL NAME | |
| Personal name | Webb, Michael |
| 245 ## - TITLE STATEMENT | |
| Title | First Aid Manual/ |
| Statement of responsibility, etc. | Michael Webb, Roy Scott, Peter Beale |
| 250 ## - EDITION STATEMENT | |
| Edition statement | 7th ed. |
| 260 ## - PUBLICATION, DISTRIBUTION, ETC. | |
| Place of publication, distribution, etc. | London |
| Name of publisher, distributor, etc. | Dorling Kindersley |
| Date of publication, distribution, etc. | 1997 |
| 300 ## - PHYSICAL DESCRIPTION | |
| Extent | 288p. |
| Other physical details | ill. color |
| Dimensions | 21cm |
| 700 ## - ADDED ENTRY--PERSONAL NAME | |
| Personal name | Scott, Roy |
| 700 ## - ADDED ENTRY--PERSONAL NAME | |
| Personal name | Beale, Peter |
| 710 ## - ADDED ENTRY--CORPORATE NAME | |
| Corporate name or jurisdiction name as entry element | The Authorised Manual of St. John Ambulance |
| 710 ## - ADDED ENTRY--CORPORATE NAME | |
| Corporate name or jurisdiction name as entry element | St. Andrew's Ambulance Association |
| 710 ## - ADDED ENTRY--CORPORATE NAME | |
| Corporate name or jurisdiction name as entry element | The British Red Cross |
| 942 ## - ADDED ENTRY ELEMENTS (KOHA) | |
| Source of classification or shelving scheme | Library of Congress Classification |
| Koha item type | Books |
| Edition | 7th ed. |
| Suppress in OPAC | No |
| 999 ## - | |
| -- | 3361 |
| -- | 3361 |
| Withdrawn status | Lost status | Source of classification or shelving scheme | Damaged status | Not for loan | Collection | Home library | Current library | Shelving location | Date acquired | Total checkouts | Full call number | Barcode | Date last seen | Copy number | Price effective from | Koha item type |
|---|---|---|---|---|---|---|---|---|---|---|---|---|---|---|---|---|
| Library of Congress Classification | Non-fiction | Science Library (Miotso) | Science Library (Miotso) | General stacks | 02/01/2025 | RC86.7 WEB | SLM00002780 | 02/01/2025 | 1 | 02/01/2025 | Books | |||||
| Library of Congress Classification | Non-fiction | Science Library (Miotso) | Science Library (Miotso) | General stacks | 02/01/2025 | RC86.7 WEB | SLM00002781 | 02/01/2025 | 2 | 02/01/2025 | Books | |||||
| Library of Congress Classification | Non-fiction | Science Library (Miotso) | Science Library (Miotso) | General stacks | 02/01/2025 | RC86.7 WEB | SLM00002782 | 02/01/2025 | 3 | 02/01/2025 | Books |